000 00705nam a2200217Ii 4500
003 JO-AjNU
008 230606s9999||||xx |||||||||||||| ||und||
020 _a81-7381-566-6
040 _aJO-AjNU
_beng
_erda
_cJO-AjNU
041 _aeng
050 1 4 _aHF5686 2008
100 3 _aDutta,Subir / Ail SK. Sahajahan / Karmakar, Chittaranjan,
_eauthor
_91411
245 0 0 _aTheory and Practice of Cost and Managent Accountancy
250 _a1 ed
264 3 1 _aIndia: New Centeral Book Agency,2008
300 _a651p
_b Includes indexes(p649-651)
336 _atext
_btxt
_2rdacontent
337 _aunmediated
_bn
_2rdamedia
338 _avolume
_bnc
_2rdacarrier
650 4 _aCost and Managent Accountancy
_91412
999 _aE745
_c745
_d745